000 00576nam a2200229Ia 4500
003 OSt
005 20220928103505.0
006 a|||||r|||| 00| 0
007 ta
008 220927b |||||||| |||| 00| 0 eng d
024 _a62602
037 _cTextual
040 _aSDCL
_cSDCL
_beng
041 _2eng
_aeng
082 _aNA2, M9
100 _aGupta Parmeswari
_9404520
245 0 _aBhartia vastu-kala
260 _aVaranasi
_bVishvidyala
_c1989
300 _a219p
_ccm.
942 _hNA2, M9
_cTEXL
_2CC
999 _c720246
_d720246